| Tag |
First Indicator |
Second Indicator |
Subfields |
| LEADER |
00000cam a2200000 a 4500 |
| 001 |
in00000018578 |
| 005 |
20151007053301.0 |
| 008 |
870325s1987 nyua j 00011 eng |
| 010 |
|
|
|a 87008326
|
| 020 |
|
|
|a 0670807400 (lib. bdg.) :
|c $11.95
|
| 035 |
|
|
|a (OCoLC)15518878
|
| 035 |
|
|
|9 AAB1078AM
|
| 040 |
|
|
|a DLC
|c DLC
|d TXA
|d UtOrBLW
|
| 049 |
|
|
|a [Curr Col] TXAM
|c [A11058788]
|
| 050 |
0 |
0 |
|a PZ7.M35672
|b Cv 1987
|
| 082 |
0 |
|
|a [E]
|2 19
|
| 100 |
1 |
|
|a Marshall, James,
|d 1942-1992.
|
| 245 |
1 |
4 |
|a The cut-ups cut loose /
|c James Marshall.
|
| 264 |
|
1 |
|a New York, N.Y. :
|b Viking Kestrel,
|c 1987.
|
| 300 |
|
|
|a 32 unnumbered pages :
|b color illustrations ;
|c 27 cm.
|
| 336 |
|
|
|a text
|b txt
|2 rdacontent
|
| 337 |
|
|
|a unmediated
|b n
|2 rdamedia
|
| 338 |
|
|
|a volume
|b nc
|2 rdacarrier
|
| 520 |
|
|
|a At the end of summer Spud and Joe eagerly return to school for more practical jokes, unaware that Principal Lamar J. Spurgle is out of retirement and awaiting them.
|
| 650 |
|
1 |
|a Behavior
|x Fiction.
|
| 650 |
|
1 |
|a Schools
|x Fiction.
|
| 650 |
|
1 |
|a Humorous stories.
|
| 999 |
|
|
|a MARS
|
| 999 |
f |
f |
|s bf2af653-bd41-3e6e-a6c7-0a05fffc8089
|i 950cf1b8-7220-3147-8a96-3f6382eaf161
|t 0
|
| 952 |
f |
f |
|p normal
|a Texas A&M University
|b College Station
|c Sterling C. Evans Library
|d Evans: Curriculum Collection (4th floor)
|t 0
|e PZ7.M35672 Cv 1987
|h Library of Congress classification
|i unmediated -- volume
|m A14811058788
|
| 998 |
f |
f |
|a PZ7.M35672 Cv 1987
|t 0
|l Evans: Curriculum Collection (4th floor)
|